| 000 | 00633nam a2200205 a 4500 | ||
|---|---|---|---|
| 005 | 20240320063704.0 | ||
| 008 | 051108m19942002mx r 000 0 spa d | ||
| 020 | _a9706906762 | ||
| 035 | _aUPN01000140991 | ||
| 049 | _aCG | ||
| 050 | 4 |
_aPS3560 E5.5 _bV5.2 |
|
| 100 | 1 |
_aJennings, Gary, _d1928-1999 _929251 |
|
| 245 | 1 | 3 |
_aEl viajero / _cGary Jennings ; tr. María del Mar Moya. |
| 260 |
_aMéxico : _bPlaneta, _cc1994 (2002 impr.). |
||
| 300 |
_a817 p. : _bmapas |
||
| 534 |
_pTítulo original : _tThe journeyer |
||
| 600 | 1 | 4 |
_aPOLO, MARCO, _d1254-1324 - _vNOVELA _911855 |
| 650 | 4 |
_aNovela estadounidense _94462 |
|
| 905 | _aLibro | ||
| 999 |
_c113139 _d113139 |
||